| 000 | 00000nam 2200000zi 4500 |
| 001 | 9.926688 |
| 003 | CaOODSP |
| 005 | 20240216114538 |
| 006 | m o d f |
| 007 | cr cn |||||||| |
| 008 | 230829t20232023onco o||||f000 0|som d |
| 020 | |a9780660677040 |
| 040 | |aCaOODSP|bfre|erda|cCaOODSP |
| 043 | |an-cn--- |
| 086 | 1 |aH164-257/1-2019Som-PDF |
| 245 | 00|a[Guide alimentaire canadien] : |b[bien manger. Bien vivre]. |
| 264 | 1|a[Ottawa] : |bSanté Canada = Health Canada, |c[2023] |
| 264 | 4|c©2023 |
| 300 | |a1 ressource en ligne (2 pages non numérotées) : |bphotographies en couleur |
| 336 | |atexte|btxt|2rdacontent/fre |
| 337 | |ainformatique|bc|2rdamedia/fre |
| 338 | |aressource en ligne|bcr|2rdacarrier/fre |
| 500 | |aTitre français fourni par l’éditeur. |
| 546 | |aTexte en somali. |
| 650 | 6|aAlimentation|zCanada. |
| 650 | 6|aNutrition|zCanada. |
| 710 | 1 |aCanada. |bSanté Canada, |eorganisme de publication. |
| 775 | 08|tGuide alimentaire canadien : |w(CaOODSP)9.865414 |
| 776 | 0#|t[Guide alimentaire canadien] : |w(CaOODSP)9.926690 |
| 791 | |t[Canada's food guide] : |eeng|w(CaOODSP)9.926687 |
| 856 | 40|qPDF|s739 Ko|uhttps://publications.gc.ca/collections/collection_2024/sc-hc/H164-257-1-2019-som.pdf |
| 856 | 4 |qHTML|sS.O.|uhttps://www.canada.ca/fr/sante-canada/services/guide-alimentaire-canadien/ressources/en-bref/langues/somali.html |
| 986 | |a230311 |